Keski-Suomen kunnat - Äkkikuolema - Statistics

Yleistilastot
  • Tätä visaa on pelattu 356 kertaa
  • Keskiarvotulos 15 / 22
Answers on the Grid
Answers color-coded by a green-red scale on the quiz's grid according to % correct below.
Alavus
Haapajärvi
Hankasalmi
Joutsa
Jyväskylä
Jämsä
Kangasniemi
Kannonkoski
Karstula
Keitele
Keuruu
Kinnula
Kiuruvesi
Kivijärvi
Konginkangas
Konnevesi
Kyyjärvi
Lahti
Laukaa
Lievestuore
Luhanka
Mikkeli
Multia
Muurame
Orivesi
Perho
Petäjävesi
Pieksämäki
Pielavesi
Pihtipudas
Pyhäjärvi
Saarijärvi
Sysmä
Säynätsalo
Toivakka
Uurainen
Viitasaari
Virrat
Ähtäri
Äänekoski
 
Vastaustilastot
Vastaus % Oikein
Jyväskylä
94%
Jämsä
89%
Karstula
76%
Hankasalmi
75%
Keuruu
74%
Laukaa
73%
Äänekoski
71%
Kinnula
71%
Viitasaari
71%
Joutsa
70%
Kyyjärvi
69%
Kannonkoski
68%
Kivijärvi
67%
Muurame
67%
Konnevesi
66%
Saarijärvi
66%
Multia
65%
Toivakka
63%
Uurainen
62%
Pihtipudas
61%
Petäjävesi
60%
Luhanka
58%
Ehtoja vastaavia visoja ei löytynyt
Tulosjakauma
Jokaisen tuloksen saaneiden osuus
Persentiili vastausten määrän mukaan
Tuloshistoriasi
Et ole pelannut tätä visaa